[Event "Mistrzostwa Polski Juniorow do lat 16 - Chlopcy"]
[Site "Ustron – Jaszowiec"]
[Date "1899-12-30"]
[Round "2.5"]
[White "Chylewski, Patryk"]
[Black "Godzwon, Iwo"]
[Result "1/2-1/2"]
[WhiteTitle "k++"]
[BlackTitle "k"]
[WhiteElo "2293"]
[BlackElo "2022"]

1. d4 Nf6 2. c4 g6 3. Nc3 d5 4. cxd5 Nxd5 5. e4 Nxc3 6. bxc3 Bg7 7. Nf3 O-O 8.
Be2 c5 9. Rb1 Nc6 10. d5 Na5 11. c4 b6 12. O-O Bg4 13. Qc2 e5 14. Re1 Qc7 15.
Bd2 Nb7 16. a4 Nd6 17. h3 Bd7 18. Bc3 Rfe8 19. Bd3 f5 20. exf5 Nxf5 21. Ng5 Rf8
22. Be4 Nd6 23. Bxe5 Bxe5 24. Bxg6 Bd4 25. Bxh7+ Kh8 26. Kh1 Bf6 27. f4 Bxg5 28.
fxg5 Bf5 29. Bxf5 Nxf5 30. Qc3+ Qg7 31. Qxg7+ Kxg7 32. g4 Nd6 33. Re6 Nxc4 34.
Rbe1 Rad8 35. h4 Rxd5 36. g6 Rd6 37. h5 Rxe6 38. Rxe6 Kh6 39. Re7 Rh8 40. Re4
Nd2 41. Re2 Nf3 42. Kg2 Nh4+ 43. Kg3 Nxg6 44. Re6 Rg8 45. a5 Kh7 46. axb6 axb6
47. Rxb6 Ne5 48. Kf4 Nxg4 49. Rc6 Nf2 50. Rc7+ Kh6 51. Rc6+ Kxh5 52. Rxc5+ Kh4
53. Rc7 Rf8+ 54. Ke5 Ng4+ 55. Ke4 Re8+ 56. Kf4 Rf8+ 57. Ke4 Nf2+ 58. Ke3 Kg3 59.
Rg7+ Ng4+ 60. Ke4 Re8+ 61. Kd4 Kf4 62. Rf7+ Kg5 63. Rf1 Ne3 64. Rf3 Nf5+ 65. Kd5
Kf6 66. Ra3 Rd8+ 67. Kc4 Nd6+ 68. Kc5 Ke5 69. Ra1 Rc8+ 70. Kb4 Nf5 71. Ra5+ Ke4
72. Rc5 Rb8+ 73. Rb5 Rd8 74. Rb7 Nd6 75. Rh7 Kd4 76. Rh4+ Ne4 77. Kb5 Rc8 78.
Kb6 Rc4 79. Rh5 Rc8 80. Rh4 Rc1 81. Rh5 Nf6 82. Rh4+ Kd5 83. Kb5 Nd7 84. Kb4 Ne5
1/2-1/2

[Event "Mistrzostwa Polski Juniorow do lat 16 - Chlopcy"]
[Site "Ustron – Jaszowiec"]
[Date "1899-12-30"]
[Round "2.6"]
[White "Lis, Mateusz"]
[Black "Nowak, Mikolaj"]
[Result "1-0"]
[WhiteTitle "I+"]
[BlackTitle "I++"]
[WhiteElo "2022"]
[BlackElo "2240"]

1. e4 e5 2. Nf3 Nc6 3. Bb5 Nf6 4. Bxc6 bxc6 5. d3 d6 6. h3 g6 7. Nc3 Bg7 8. Ne2
O-O 9. Ng3 Qe7 10. O-O d5 11. Re1 dxe4 12. dxe4 Ba6 13. Be3 Rfd8 14. Qc1 Nd7 15.
Bg5 f6 16. Bh6 Bh8 17. h4 Nc5 18. h5 Ne6 19. Nh4 Kf7 20. Re3 c5 21. Qe1 Rab8 22.
Ra3 Rb6 23. hxg6+ hxg6 24. Rxa6 Rxa6 25. Qe2 Rad6 26. Nxg6 Qd7 27. Qh5 Rd1+ 28.
Kh2 Kg8 29. Rxd1 Qxd1 30. Ne7+ 1-0

[Event "Mistrzostwa Polski Juniorow do lat 16 - Chlopcy"]
[Site "Ustron – Jaszowiec"]
[Date "1899-12-30"]
[Round "2.7"]
[White "Szpar, Milosz"]
[Black "Brozyna, Mateusz"]
[Result "1-0"]
[WhiteTitle "k"]
[BlackTitle "I"]
[WhiteElo "2237"]
[BlackElo "2009"]

1. e4 c5 2. Nf3 e6 3. d4 cxd4 4. Nxd4 Nf6 5. Nc3 d6 6. g4 e5 7. Nf5 h5 8. Bg5 Be6
9. Be2 Qb6 10. Bxf6 gxf6 11. Nd5 Qa5+ 12. c3 Bxd5 13. Qxd5 Qxd5 14. exd5 hxg4
15. O-O-O Bh6+ 16. Kc2 Kd7 17. Rdg1 Kc7 18. Rxg4 Nd7 19. Rc4+ Nc5 20. b4 b6 21.
bxc5 bxc5 22. Rh4 Bf4 23. Rxh8 Rxh8 24. h4 Rg8 25. Bf3 1-0

[Event "Mistrzostwa Polski Juniorow do lat 16 - Chlopcy"]
[Site "Ustron – Jaszowiec"]
[Date "1899-12-30"]
[Round "2.8"]
[White "Kawalko, Adam"]
[Black "Woloch, Oskar"]
[Result "1-0"]
[WhiteTitle "I"]
[BlackTitle "k"]
[WhiteElo "1814"]
[BlackElo "2235"]

1. e4 e5 2. Nf3 Nc6 3. Bc4 Bc5 4. c3 Nf6 5. d4 exd4 6. cxd4 Bb4+ 7. Bd2 Bxd2+ 8.
Nbxd2 d5 9. exd5 Nxd5 10. O-O O-O 11. Rc1 Be6 12. Ne4 Nce7 13. Nc5 Bc8 14. Re1
b6 15. Ne4 Bb7 16. Qb3 Kh8 17. Neg5 Nf5 18. Re5 Nfe7 19. Rxe7 Qxe7 20. Bxd5 c6
21. Nxf7+ Rxf7 22. Bxf7 Rf8 23. Re1 1-0

[Event "Mistrzostwa Polski Juniorow do lat 16 - Chlopcy"]
[Site "Ustron – Jaszowiec"]
[Date "1899-12-30"]
[Round "2.9"]
[White "Kowalski, Igor"]
[Black "Radecki, Adam"]
[Result "1-0"]
[WhiteTitle "k+"]
[BlackTitle "I"]
[WhiteElo "2231"]
[BlackElo "1712"]

1. d4 Nf6 2. c4 e5 3. dxe5 Ng4 4. e4 Nxe5 5. f4 Nec6 6. Nf3 Bc5 7. Nc3 O-O 8. Bd3
d6 9. Na4 Bb4+ 10. Bd2 f5 11. O-O Na6 12. exf5 Bxd2 13. Qxd2 Bxf5 14. Nc3 Qd7
15. Rae1 Nc5 16. Bxf5 Rxf5 17. Nd5 Raf8 18. b4 Ne6 19. b5 Ncd8 20. Ne5 Qe8 21.
g4 dxe5 22. gxf5 Rxf5 23. Qd3 Rh5 24. Rxe5 Rxe5 25. fxe5 c6 26. Nf4 Nf7 27. Nxe6
Qxe6 28. Qf5 Qe8 29. e6 Nd6 30. Qf4 Qe7 31. c5 Nc8 32. Qf7+ Qxf7 33. Rxf7 1-0

[Event "Mistrzostwa Polski Juniorow do lat 16 - Chlopcy"]
[Site "Ustron – Jaszowiec"]
[Date "1899-12-30"]
[Round "2.10"]
[White "Sernecki, Franciszek"]
[Black "Jarzebowski, Kacper"]
[Result "1/2-1/2"]
[WhiteTitle "I"]
[BlackTitle "I++"]
[WhiteElo "2151"]
[BlackElo "1820"]

1. e4 d5 2. exd5 Qxd5 3. Nf3 Nf6 4. Be2 e6 5. O-O a6 6. c4 Qd6 7. d4 c5 8. Nc3
cxd4 9. Qxd4 Nc6 10. Qxd6 Bxd6 11. Rd1 Be7 12. Na4 Bd7 13. Nb6 Rd8 14. Bf4 Bc5
15. Bc7 Bxb6 16. Bxb6 Rc8 17. Nd4 Ne5 18. Rac1 O-O 19. g3 Nc6 20. Nb3 Nb8 21.
Na5 Bc6 22. Nxc6 Rxc6 23. Be3 Nbd7 24. b4 Rfc8 25. Bf3 R6c7 26. c5 Ne5 27. Bg2
Nc6 28. Bf4 e5 29. Bxc6 exf4 30. Bg2 fxg3 31. fxg3 Re8 32. Re1 Kf8 33. a3 Ng4
34. Rxe8+ Kxe8 35. Re1+ Kd8 36. Rd1+ Ke7 37. Rd6 Ne3 38. Rb6 Nxg2 39. Kxg2 Kd7
40. Kf3 Kc8 41. Ke4 Re7+ 42. Kd3 Rd7+ 1/2-1/2

[Event "Mistrzostwa Polski Juniorow do lat 16 - Chlopcy"]
[Site "Ustron – Jaszowiec"]
[Date "1899-12-30"]
[Round "2.11"]
[White "Lukasiewicz, Krzysztof"]
[Black "Marczak, Szymon"]
[Result "1-0"]
[WhiteTitle "k"]
[BlackTitle "I"]
[WhiteElo "2123"]
[BlackElo "1839"]

1. e4 c5 2. Nf3 e6 3. d4 cxd4 4. Nxd4 Nc6 5. Nc3 Qc7 6. g3 a6 7. Bg2 Nf6 8. O-O
Be7 9. Re1 O-O 10. Nxc6 dxc6 11. e5 Rd8 12. Qe2 Nd5 13. Bd2 b5 14. a4 Nxc3 15.
Bxc3 Bb7 16. Qe4 Rd7 17. Qf4 Rc8 18. Bf1 Qb6 19. Bd3 b4 20. a5 Qc5 21. Bd2 Qd4
22. Qxd4 Rxd4 23. Be3 Rd5 24. Bb6 Kf8 25. Rad1 c5 26. Bc4 Rd4 27. b3 Rxd1 28.
Rxd1 Ke8 29. f4 Bd8 30. Bxd8 Rxd8 31. Rxd8+ Kxd8 32. Bd3 h6 33. Kf2 Kc7 34. Ke3
g6 35. g4 Kd7 36. h4 Kc7 37. Be2 Kd7 38. Bc4 Ke7 39. Bd3 Kd7 40. Be2 Kc7 41. Kd2
Kd7 42. c3 Kc7 43. cxb4 cxb4 44. Ke3 Bd5 45. Kd4 Bxb3 46. Kc5 Bd5 47. Kxb4 Bb7
48. Kc5 Bc8 49. Bd3 Bb7 50. f5 exf5 51. gxf5 g5 52. hxg5 hxg5 53. Be2 Kd7 54.
Bg4 Ke8 55. Kb6 Bc8 56. Kc7 Bd7 57. e6 Bb5 58. Kd6 Ba4 59. Bh5 Bc2 60. Bxf7+ Kf8
61. Bh5 1-0

[Event "Mistrzostwa Polski Juniorow do lat 16 - Chlopcy"]
[Site "Ustron – Jaszowiec"]
[Date "1899-12-30"]
[Round "2.12"]
[White "Garbowski, Jakub"]
[Black "Namyslak, Piotr"]
[Result "1-0"]
[WhiteTitle "k"]
[BlackTitle "I"]
[WhiteElo "2103"]
[BlackElo "1866"]

1. e4 e6 2. d4 d5 3. Nd2 Nf6 4. e5 Nfd7 5. Bd3 c5 6. c3 Nc6 7. Ne2 cxd4 8. cxd4
f6 9. exf6 Nxf6 10. O-O Bd6 11. Nf3 O-O 12. Bf4 Bxf4 13. Nxf4 Ne4 14. Qc1 Ng5
15. Nxg5 Qxg5 16. Bxh7+ Kxh7 17. Nxe6 Qxc1 18. Nxf8+ Kg8 19. Raxc1 Kxf8 20. Rfe1
Bf5 21. f3 Rd8 22. Rcd1 Kf7 23. Rd2 Rd7 24. g4 Bh7 25. h4 Rd6 26. Kg2 Nb4 27.
a3 Nc2 28. Re5 Rb6 29. Kg3 Rb3 30. Kf4 Rb5 31. h5 g6 32. h6 Rxb2 33. Rde2 Rb6
34. Re7+ Kf8 35. Re8+ Kf7 36. R2e7+ Kf6 37. g5# 1-0

[Event "Mistrzostwa Polski Juniorow do lat 16 - Chlopcy"]
[Site "Ustron – Jaszowiec"]
[Date "1899-12-30"]
[Round "2.13"]
[White "Fus, Jakub"]
[Black "Filewicz, Radoslaw"]
[Result "1-0"]
[WhiteTitle "I++"]
[BlackTitle "I"]
[WhiteElo "2054"]
[BlackElo "1850"]

1. d4 d5 2. c4 c6 3. Nf3 Nf6 4. Nc3 e6 5. Bg5 h6 6. Bh4 dxc4 7. e4 g5 8. Bg3 b5
9. Be2 Bg7 10. h4 g4 11. Ne5 h5 12. Qd2 Bb7 13. O-O a6 14. Rad1 Nbd7 15. Nxd7
Nxd7 16. d5 Ne5 17. Qe3 Qe7 18. d6 Qd8 19. Bxe5 Bxe5 20. d7+ Ke7 21. Qc5+ Kf6
22. f4 Bxc3 23. Qg5# 1-0

[Event "Mistrzostwa Polski Juniorow do lat 16 - Chlopcy"]
[Site "Ustron – Jaszowiec"]
[Date "1899-12-30"]
[Round "2.14"]
[White "Mietkiewicz, Jacek"]
[Black "Hrymowicz, Artur"]
[Result "0-1"]
[WhiteTitle "I"]
[BlackTitle "I+"]
[WhiteElo "1845"]
[BlackElo "1982"]

1. d4 Nf6 2. c4 b6 3. Nc3 Bb7 4. Bg5 e6 5. e3 h6 6. Bh4 Bb4 7. Nf3 Bxc3+ 8. bxc3
O-O 9. h3 d6 10. Bd3 Nbd7 11. O-O Qe7 12. Nd2 a5 13. f4 Rae8 14. e4 e5 15. fxe5
dxe5 16. d5 Qa3 17. Qe2 Qxc3 18. a3 Nc5 19. Bxf6 Qxd3 20. Qg4 g6 21. Rad1 Qe3+
22. Kh1 Kh7 23. Rfe1 Qf4 24. Qxf4 exf4 25. Bd4 Nd3 26. Re2 f6 27. Nb3 Ne5 28.
Bxe5 fxe5 29. Rf2 g5 30. c5 a4 31. c6 Bxc6 32. dxc6 axb3 33. Rd7+ Kg6 34. Rxc7
Rc8 35. Rb7 Rxc6 36. Rb2 f3 37. gxf3 Rxf3 38. Kg2 Rfc3 0-1

[Event "Mistrzostwa Polski Juniorow do lat 16 - Chlopcy"]
[Site "Ustron – Jaszowiec"]
[Date "1899-12-30"]
[Round "2.15"]
[White "Wyczling, Bartosz"]
[Black "Wierzbicki, Michal"]
[Result "1/2-1/2"]
[WhiteTitle "I+"]
[BlackTitle "I"]
[WhiteElo "1963"]
[BlackElo "1828"]

1. d4 Nf6 2. c4 e6 3. Nc3 Bb4 4. Qc2 c5 5. dxc5 O-O 6. Nf3 Na6 7. e3 Nxc5 8. a3
Bxc3+ 9. Qxc3 b6 10. Be2 Bb7 11. O-O Rc8 12. b4 Nce4 13. Qd4 d5 14. cxd5 Bxd5
15. Bb2 Qe7 16. Rac1 Rfd8 17. Qe5 Qb7 18. h3 a6 19. Rfd1 h6 20. Ne1 Rxc1 21. Rxc1
Bc6 22. Rd1 Rxd1 23. Bxd1 Qd7 24. Bd4 Qd6 25. Nd3 Bb5 26. Qxd6 Nxd6 27. Ne5 Nd5
28. Bb3 f6 29. Nf3 Bc4 30. Bxc4 Nxc4 31. e4 Nf4 32. a4 e5 33. Ba1 Nd3 34. Bc3
Nc1 35. Kf1 Na2 36. Be1 Nc1 37. Nd2 Nb2 38. a5 b5 39. Nb1 Nbd3 40. Bd2 Na2 41.
Nc3 Naxb4 42. g3 Nc6 43. Ke2 Nc5 44. Ke3 Nb3 45. Nd5 Nxd2 46. Kxd2 Nxa5 47. Nc7
Nb3+ 48. Kc3 Nc5 49. f3 Kf7 50. Kb4 Ne6 51. Nxa6 Ng5 52. Kxb5 Nxh3 53. Nc5 Ng1
54. f4 exf4 55. gxf4 h5 56. Kc6 Ne2 57. Nd3 h4 58. Kd7 h3 59. e5 fxe5 60. fxe5
Nd4 61. Nf2 h2 62. Nh1 g5 63. Kd6 Kg6 64. Kd5 Nf5 65. Ke4 Nh4 66. Ke3 Kf5 67.
Kf2 Kf4 68. e6 Nf5 69. Kg2 1/2-1/2

[Event "Mistrzostwa Polski Juniorow do lat 16 - Chlopcy"]
[Site "Ustron – Jaszowiec"]
[Date "1899-12-30"]
[Round "2.17"]
[White "Pytel, Maciej"]
[Black "Posluszny, Tomasz"]
[Result "1-0"]
[WhiteTitle "I"]
[BlackTitle "I"]
[WhiteElo "1905"]
[BlackElo "1798"]

1. e4 c5 2. Nf3 e6 3. d4 cxd4 4. Nxd4 Nf6 5. Nc3 Nc6 6. Ndb5 Bb4 7. a3 Bxc3+ 8.
Nxc3 d5 9. exd5 exd5 10. Bd3 d4 11. Ne2 O-O 12. O-O Bg4 13. f3 Bh5 14. Bf4 Nd5
15. Qd2 Re8 16. Be4 f5 17. Bg5 Qd6 18. Bxd5+ Qxd5 19. Rad1 Qb5 20. Kh1 Rac8 21.
Bh4 Qc4 22. Nf4 Bf7 23. Bf2 g5 24. h3 Qa6 25. Nd3 h6 26. a4 Qb6 27. Rfe1 Kg7 28.
b4 a6 29. c3 Bb3 30. Rb1 Bxa4 31. c4 Rxe1+ 32. Bxe1 Ne7 33. Nc5 Be8 34. Qxd4+
Qf6 35. Qd3 Kg6 36. Bc3 Qf7 37. Re1 b6 38. Qd6+ 1-0

[Event "Mistrzostwa Polski Juniorow do lat 16 - Chlopcy"]
[Site "Ustron – Jaszowiec"]
[Date "1899-12-30"]
[Round "2.18"]
[White "Kukorowski, Jan"]
[Black "Polczyk, Mikolaj"]
[Result "1-0"]
[WhiteTitle "I"]
[BlackTitle "I"]
[WhiteElo "1709"]
[BlackElo "1889"]

1. e4 c5 2. Nf3 e6 3. d4 cxd4 4. Nxd4 Nf6 5. Bd3 Nc6 6. Nxc6 bxc6 7. c4 Be7 8.
Nc3 d5 9. cxd5 cxd5 10. Bb5+ Bd7 11. e5 Ng8 12. Bxd7+ Qxd7 13. O-O h5 14. Be3
g6 15. Qd2 Kf8 16. Ne2 Kg7 17. Rac1 Nh6 18. Nd4 Nf5 19. Nxf5+ gxf5 20. a3 Rac8
21. Rxc8 Rxc8 22. Qe2 Kg6 23. Rd1 Rc4 24. Qxc4 1-0

[Event "Mistrzostwa Polski Juniorow do lat 16 - Chlopcy"]
[Site "Ustron – Jaszowiec"]
[Date "1899-12-30"]
[Round "2.19"]
[White "Tustanowski, Mateusz"]
[Black "Sloniewski, Michal"]
[Result "1/2-1/2"]
[WhiteTitle "I++"]
[BlackTitle "I"]
[WhiteElo "1880"]
[BlackElo "1679"]

1. e4 d5 2. exd5 Nf6 3. d4 Bg4 4. f3 Bf5 5. c4 e6 6. dxe6 Nc6 7. Be3 Bb4+ 8. Nc3
Qe7 9. Bd3 Bxe6 10. Qd2 O-O-O 11. Nge2 Rhe8 12. Kf2 h6 13. a3 Bxc3 14. bxc3 g5
15. Ng3 g4 16. Bxh6 gxf3 17. gxf3 Na5 18. Bg5 Rg8 19. h4 Nxc4 20. Bxc4 Bxc4 21.
Nh5 Rxg5 22. hxg5 Nd5 23. Ng3 Rg8 24. Ne4 f5 25. gxf6 Nxf6 26. Nxf6 Qxf6 27. Qe3
Qg6 28. Rag1 Qc2+ 29. Ke1 Qb1+ 30. Kd2 Qb2+ 31. Kd1 Qb1+ 32. Kd2 Qb2+ 33. Kd1
Qb1+ 34. Kd2 Qb2+ 35. Kd1 Qb1+ 1/2-1/2

[Event "Mistrzostwa Polski Juniorow do lat 16 - Chlopcy"]
[Site "Ustron – Jaszowiec"]
[Date "1899-12-30"]
[Round "2.20"]
[White "Dytman, Radoslaw"]
[Black "Ochowicz, Jakub"]
[Result "1-0"]
[WhiteTitle "I"]
[BlackTitle "I++"]
[WhiteElo "1521"]
[BlackElo "1874"]

1. e4 c5 2. Nf3 e6 3. d4 cxd4 4. Nxd4 a6 5. Nc3 b5 6. Bd3 Qb6 7. Be3 Bc5 8. Nce2
Nc6 9. c3 Nf6 10. b4 Bxd4 11. Nxd4 Nxd4 12. cxd4 Bb7 13. f3 e5 14. Be2 d5 15.
Qd2 Qe6 16. dxe5 Qxe5 17. Bd4 Qe6 18. e5 Nd7 19. O-O Nxe5 20. Rfe1 O-O 21. Bf1
f6 22. f4 Qg4 23. fxe5 fxe5 24. Rxe5 Rf4 25. Rd1 Raf8 26. Re7 1-0

[Event "Mistrzostwa Polski Juniorow do lat 16 - Chlopcy"]
[Site "Ustron – Jaszowiec"]
[Date "1899-12-30"]
[Round "3.1"]
[White "Kowalski, Igor"]
[Black "Pacan-milej, Kosma"]
[Result "1-0"]
[WhiteTitle "k+"]
[BlackTitle "FM"]
[WhiteElo "2231"]
[BlackElo "2303"]

1. d4 Nf6 2. c4 e6 3. Nc3 Bb4 4. Qc2 b6 5. Nf3 Bb7 6. a3 Bxc3+ 7. Qxc3 d6 8. g3
Nbd7 9. Bg2 Qe7 10. O-O O-O 11. b4 c5 12. dxc5 bxc5 13. Bb2 d5 14. cxd5 Bxd5 15.
Rfc1 Rfc8 16. a4 Qf8 17. b5 a6 18. Nd2 Bxg2 19. Kxg2 Nb6 20. Nc4 Nfd5 21. Qb3
Nxc4 22. Rxc4 axb5 23. axb5 Rxa1 24. Bxa1 f6 25. Ra4 Qf7 26. e4 Nb4 27. Bc3 e5
28. Qxf7+ Kxf7 29. Bxb4 cxb4 30. Rxb4 Rb8 31. b6 Ke7 32. f4 exf4 33. gxf4 Kd6
34. Rd4+ Kc6 35. Rc4+ Kd6 36. Rc7 Rxb6 37. Rxg7 Rb2+ 38. Kg3 h5 39. Rh7 Rb4 40.
Rxh5 Rxe4 41. Ra5 Ke6 42. Kg4 Re1 43. Ra6+ Kf7 44. Kf5 Re7 45. Rxf6+ Kg7 46. Re6
Ra7 47. Kg5 Kf7 48. Rb6 Kg7 49. h4 Kh7 50. f5 Rg7+ 51. Rg6 Ra7 52. Rh6+ Kg7 53.
f6+ Kg8 54. Kg6 Rg7+ 55. Kh5 Ra7 56. Rg6+ Kh7 57. Rg5 Rf7 58. Rf5 Rf8 59. Rf1
Rf7 60. Kg5 Rf8 61. Kf5 Ra8 62. Re1 Ra5+ 63. Re5 Ra1 64. Rd5 Re1 65. Rd8 Ra1 66.
f7 Rf1+ 67. Ke6 Re1+ 68. Kd7 Rd1+ 69. Kc7 Rc1+ 70. Kb6 Rb1+ 71. Ka5 1-0

[Event "Mistrzostwa Polski Juniorow do lat 16 - Chlopcy"]
[Site "Ustron – Jaszowiec"]
[Date "1899-12-30"]
[Round "3.2"]
[White "Lis, Mateusz"]
[Black "Szpar, Milosz"]
[Result "1-0"]
[WhiteTitle "I+"]
[BlackTitle "k"]
[WhiteElo "2022"]
[BlackElo "2237"]

1. e4 e5 2. Nf3 Nc6 3. Bb5 a6 4. Bxc6 dxc6 5. O-O f6 6. d4 exd4 7. Nxd4 c5 8. Ne2
Qxd1 9. Rxd1 Bd7 10. Bf4 O-O-O 11. Nbc3 Ne7 12. f3 Ng6 13. Bg3 Ne5 14. Nd5 Be6
15. Nec3 Bd6 16. b3 Rhe8 17. Rd2 Nc6 18. Bxd6 cxd6 19. Na4 Bxd5 20. Nb6+ Kb8 21.
Nxd5 Ne7 22. Nf4 Nc6 23. Rad1 Kc7 24. Nd5+ Kb8 25. Ne3 Nd4 26. c3 Nb5 27. Rd3
Re6 28. Nc4 Kc7 29. a4 Na7 30. Ne3 Nc8 31. b4 Ree8 32. Nd5+ Kb8 33. Nf4 cxb4 34.
cxb4 Re5 35. Nd5 f5 36. exf5 Rxf5 37. g4 Re5 38. Kf2 g5 39. h4 Rf8 40. hxg5 Rxg5
41. Kg3 Rg7 42. f4 Ne7 43. Nxe7 Rxe7 44. Rxd6 Re3+ 45. Kf2 Re4 46. Rd8+ Rxd8 47.
Rxd8+ Kc7 48. Rf8 Rxb4 49. Kg3 Kd6 50. Rf6+ Kd5 51. Rf7 b5 52. axb5 axb5 53. Rxh7
Rb1 54. Rd7+ Ke6 55. Rb7 b4 56. Kh4 b3 57. Kg5 b2 58. f5+ Ke5 59. f6 Ke6 60. Rb5
Kf7 61. Rb6 Rc1 62. Rb7+ 1-0

[Event "Mistrzostwa Polski Juniorow do lat 16 - Chlopcy"]
[Site "Ustron – Jaszowiec"]
[Date "1899-12-30"]
[Round "3.3"]
[White "Gumularz, Szymon"]
[Black "Kawalko, Adam"]
[Result "1-0"]
[WhiteTitle "I++"]
[BlackTitle "I"]
[WhiteElo "2394"]
[BlackElo "1814"]

1. e4 c5 2. Nf3 e6 3. c3 Nf6 4. e5 Nd5 5. Bc4 Nc7 6. d4 b5 7. Bd3 Bb7 8. Qe2 c4
9. Bc2 Be7 10. Nbd2 d6 11. Ne4 Bxe4 12. Qxe4 d5 13. Qg4 g6 14. Bh6 Nd7 15. Qf4
Bf8 16. Bxf8 Rxf8 17. Ng5 Qe7 18. Nxh7 Rh8 19. Ng5 a5 20. h4 b4 21. Ba4 Rf8 22.
Nh7 O-O-O 23. Nxf8 Rxf8 24. Qg5 f6 25. exf6 Nxf6 26. Bc2 bxc3 27. bxc3 Qa3 28.
Qd2 Nb5 29. Bxg6 Nxc3 30. Rh3 1-0

[Event "Mistrzostwa Polski Juniorow do lat 16 - Chlopcy"]
[Site "Ustron – Jaszowiec"]
[Date "1899-12-30"]
[Round "3.4"]
[White "Kosakowski, Jakub"]
[Black "Kokoszczynski, Jan"]
[Result "1-0"]
[WhiteTitle "k+"]
[BlackTitle "k"]
[WhiteElo "2376"]
[BlackElo "2072"]

1. e4 e5 2. Nf3 Nc6 3. Bb5 a6 4. Ba4 Nf6 5. O-O Be7 6. Re1 b5 7. Bb3 d6 8. c3 O-O
9. h3 Na5 10. Bc2 c5 11. d4 Nd7 12. Nbd2 exd4 13. cxd4 Nc6 14. d5 Nce5 15. a4
b4 16. Nxe5 Nxe5 17. f4 Ng6 18. Nf3 Bh4 19. Rf1 f5 20. Nxh4 Qxh4 21. e5 dxe5 22.
fxe5 Bb7 23. Bxf5 Qg3 24. Qe1 Qb3 25. d6 Qd5 26. Qg3 Nh4 27. Bh6 Qxg2+ 28. Qxg2
Bxg2 29. Be6+ Kh8 30. Rxf8+ Rxf8 31. Bg5 Nf3+ 32. Kxg2 Nxg5 33. Bd5 1-0

[Event "Mistrzostwa Polski Juniorow do lat 16 - Chlopcy"]
[Site "Ustron – Jaszowiec"]
[Date "1899-12-30"]
[Round "3.5"]
[White "Pultorak, Jan"]
[Black "Lukasiewicz, Krzysztof"]
[Result "1-0"]
[WhiteTitle "FM"]
[BlackTitle "k"]
[WhiteElo "2302"]
[BlackElo "2123"]

1. d4 d5 2. c4 e6 3. Nc3 Nf6 4. cxd5 exd5 5. Bg5 c6 6. e3 Be7 7. Qc2 Nbd7 8. Bd3
Nh5 9. Bxe7 Qxe7 10. Nge2 g6 11. O-O-O Nb6 12. Ng3 Ng7 13. Kb1 Be6 14. Rc1 O-O-O
15. Na4 Nxa4 16. Qxa4 Kb8 17. Rc3 Rc8 18. Rhc1 Qd7 19. Ra3 b6 20. Rac3 Rc7 21.
Rxc6 Rhc8 22. Bb5 Rxc6 23. Rxc6 Rxc6 24. Bxc6 Qd6 25. Bb5 Nf5 26. Bd3 Nh4 27.
Bf1 Nf5 28. Kc1 Bd7 29. Nxf5 gxf5 30. Bb5 Bxb5 31. Qxb5 Qxh2 32. Qe8+ Kb7 33.
Qxf7+ Ka6 34. Qxf5 Qxg2 35. Kd2 Qh1 36. Qc8+ Kb5 37. Qd7+ Ka6 38. a4 Qf1 39. Qf5
Ka5 40. Qxd5+ Kxa4 41. Qf7 Kb5 42. Qf5+ Kc6 43. d5+ Kc5 44. b4+ Kxb4 45. d6 Qg2
46. d7 Qg8 47. Qd3 Qa2+ 48. Ke1 Qa1+ 49. Ke2 Qa2+ 50. Qd2+ 1-0

[Event "Mistrzostwa Polski Juniorow do lat 16 - Chlopcy"]
[Site "Ustron – Jaszowiec"]
[Date "1899-12-30"]
[Round "3.6"]
[White "Psyk, Radoslaw"]
[Black "Chylewski, Patryk"]
[Result "1/2-1/2"]
[WhiteTitle "k"]
[BlackTitle "k++"]
[WhiteElo "2160"]
[BlackElo "2293"]

1. e4 c5 2. Nf3 d6 3. Bb5+ Bd7 4. Bxd7+ Qxd7 5. c4 Nc6 6. d4 cxd4 7. Nxd4 Nf6 8.
Nc3 g6 9. b3 Bg7 10. Bb2 O-O 11. O-O Rfc8 12. Re1 Rab8 13. Nxc6 Qxc6 14. Nd5 Nxd5
15. exd5 Qc7 16. Bxg7 Kxg7 17. Qd4+ Kg8 18. Qxa7 b5 19. Qxc7 Rxc7 20. cxb5 Rxb5
21. Rec1 Ra7 22. Rd1 Ra3 23. Kf1 Kf8 24. Ke2 Ke8 25. Rd4 Rbxb3 26. axb3 Rxa1 27.
Ra4 Rb1 28. Ra8+ Kd7 29. Ra7+ Kd8 30. Rb7 Rc1 31. b4 Rc7 32. Rxc7 Kxc7 33. f4
Kb6 34. Kd3 Kb5 35. Kc3 e6 36. g4 Ka6 37. Kc4 Kb6 38. h3 Ka6 39. Kd4 Kb5 40. Kc3
Ka6 41. Kc4 Kb6 42. g5 Ka6 43. h4 Kb6 44. Kd4 Kb5 45. Kc3 Ka6 46. Kc4 1/2-1/2

[Event "Mistrzostwa Polski Juniorow do lat 16 - Chlopcy"]
[Site "Ustron – Jaszowiec"]
[Date "1899-12-30"]
[Round "3.7"]
[White "Godzwon, Iwo"]
[Black "Kozak, Antoni"]
[Result "1/2-1/2"]
[WhiteTitle "k"]
[BlackTitle "k"]
[WhiteElo "2022"]
[BlackElo "2127"]

1. e4 e5 2. Nf3 d6 3. d4 Nf6 4. Nc3 Nbd7 5. Bc4 Be7 6. a4 O-O 7. O-O c6 8. h3 b6
9. Re1 a6 10. Bb3 Bb7 11. Be3 b5 12. axb5 axb5 13. Rxa8 Qxa8 14. Bg5 Rd8 15. d5
cxd5 16. Nxd5 Bxd5 17. exd5 Nc5 18. Bxf6 Bxf6 19. Nd2 Be7 20. c3 Nd3 21. Rf1 Nxb2
22. Qc2 Na4 23. Ra1 Qa5 24. Bxa4 bxa4 25. Rxa4 Qxd5 26. Ra7 Bf8 27. c4 Qc5 28.
Qa2 Rb8 29. Ra5 Qd4 30. Rb5 Rc8 31. Rd5 Qc3 32. Kh2 g6 33. Qa7 Qc2 34. Qb7 Rc5
35. Rxc5 dxc5 36. Qd5 Qd1 37. Qd8 Qe2 38. f3 f5 39. Qd5+ Kg7 40. Qd7+ Kf6 41.
Qd8+ Kf7 42. Qd5+ Kf6 43. Qd8+ Be7 44. Qh8+ Ke6 45. Qg8+ Kd7 46. Qd5+ Bd6 47.
Qb7+ Bc7 48. Qd5+ Ke7 49. Qc6 Qxd2 50. Qxc7+ Kf6 51. Qc6+ Kg5 52. Qxc5 Qf4+ 1/2-1/2

[Event "Mistrzostwa Polski Juniorow do lat 16 - Chlopcy"]
[Site "Ustron – Jaszowiec"]
[Date "1899-12-30"]
[Round "3.8"]
[White "Nowak, Mikolaj"]
[Black "Laszczak, Przemyslaw"]
[Result "1-0"]
[WhiteTitle "I++"]
[BlackTitle "I+"]
[WhiteElo "2240"]
[BlackElo "1944"]

1. f4 d5 2. Nf3 Nf6 3. g3 c6 4. Bg2 g6 5. O-O Bg7 6. e3 Bg4 7. h3 Bxf3 8. Qxf3
Nbd7 9. Nc3 O-O 10. d3 e5 11. Kh1 d4 12. exd4 exd4 13. Ne4 Nd5 14. Bd2 f5 15.
Ng5 Qf6 16. Rae1 Rae8 17. Qf2 Qd6 18. Rxe8 Rxe8 19. Re1 N7f6 20. Rxe8+ Nxe8 21.
Qe1 Nec7 22. c4 dxc3 23. bxc3 Qe7 24. Qb1 b6 25. c4 Nc3 26. Qb3 Qf6 27. Qa3 Ne2
28. Kh2 Qa1 29. Nf3 Bd4 30. Be1 Ng1 31. Nxg1 Bxg1+ 32. Kxg1 Qxe1+ 33. Kh2 a5 34.
Qd6 Ne6 35. Qb8+ Kg7 36. Qxb6 1-0

[Event "Mistrzostwa Polski Juniorow do lat 16 - Chlopcy"]
[Site "Ustron – Jaszowiec"]
[Date "1899-12-30"]
[Round "3.9"]
[White "Woloch, Oskar"]
[Black "Pytel, Maciej"]
[Result "1-0"]
[WhiteTitle "k"]
[BlackTitle "I"]
[WhiteElo "2235"]
[BlackElo "1905"]

1. d4 Nf6 2. Nc3 d5 3. Bf4 c5 4. e3 a6 5. dxc5 Qa5 6. Bxb8 Rxb8 7. Qd4 e6 8. b4
Qc7 9. Na4 Be7 10. Qb2 O-O 11. Nf3 Ne4 12. c3 f5 13. Nb6 Bf6 14. Nd4 f4 15. Nxc8
Qxc8 16. exf4 b6 17. c6 e5 18. fxe5 Bg5 19. Nf3 Qg4 20. h3 Qe6 21. Nxg5 Nxg5 22.
Be2 Qxe5 23. O-O Rbc8 24. Qd2 Ne6 25. Bxa6 Rxc6 26. Rae1 Qf5 27. Bb7 Rd6 28. c4
Nf4 29. Bxd5+ Kh8 30. Qe3 Rh6 31. Kh2 Qc8 32. Rd1 Qc7 33. Kg1 Qd7 34. Be4 Qe6
35. Kh2 Qe5 36. Bf3 Qc7 37. g3 Nxh3 38. Kg2 Rhf6 39. Kxh3 Rxf3 40. Qe4 h6 41.
Kg2 Qf7 42. Rd2 Rc3 43. Rd5 Rc8 44. Rfd1 Rf8 45. f4 Qc7 46. R1d4 Qc8 47. f5 Qc7
48. Rd6 Rf6 49. Qe8+ Kh7 50. Qg6+ Kg8 51. Rxf6 1-0

[Event "Mistrzostwa Polski Juniorow do lat 16 - Chlopcy"]
[Site "Ustron – Jaszowiec"]
[Date "1899-12-30"]
[Round "3.10"]
[White "Hrymowicz, Artur"]
[Black "Sernecki, Franciszek"]
[Result "1-0"]
[WhiteTitle "I+"]
[BlackTitle "I"]
[WhiteElo "1982"]
[BlackElo "2151"]

1. e4 d6 2. d4 Nf6 3. Nc3 c6 4. a4 Nbd7 5. Nf3 e5 6. dxe5 dxe5 7. Bc4 Be7 8. O-O
O-O 9. Qe2 a5 10. Be3 Qc7 11. Nd2 Bc5 12. Nb3 Bxe3 13. Qxe3 b6 14. Rfd1 Re8 15.
h3 Nf8 16. Rd2 Ng6 17. Rad1 Nf4 18. Nc1 Nd7 19. Nb3 Nf8 20. Ne2 N8g6 21. Nbc1
Ne6 22. Nb3 Nef4 23. Qc3 Qe7 24. Ng3 h5 25. Bf1 h4 26. Nf5 Qg5 27. Kh1 Ba6 28.
Ne3 Bxf1 29. Rxf1 Red8 30. Qxc6 Rxd2 31. Nxd2 Rd8 32. Nf3 Qh5 33. Qxb6 Rc8 34.
Ng4 Kh7 35. c3 Rc4 36. Qxa5 Rxe4 37. Re1 Rxe1+ 38. Nxe1 f5 39. Nxe5 Qe2 40. N5f3
Qf1+ 41. Kh2 Nxh3 42. Qb5 Qxf2 43. Qxf5 Qg3+ 44. Kh1 Nf2+ 45. Kg1 Ng4 46. Nd3
Qxg2+ 47. Kxg2 Ne3+ 48. Kh3 Nxf5 49. a5 Nge7 50. a6 Nc8 51. b4 Nfd6 52. Kxh4 Kg8
53. Nfe5 Kf8 54. Nc6 Ke8 55. Nde5 Nb6 56. a7 Ndc8 57. c4 Na8 58. c5 Nc7 59. b5
Nxa7 60. Nxa7 Kd8 61. b6 g5+ 62. Kg3 Na6 63. c6 g4 64. Kxg4 Ke7 65. c7 Kd6 66.
c8=Q Kxe5 67. Qxa6 1-0